| 000 | 00585nam a2200205Ia 4500 | ||
|---|---|---|---|
| 003 | OSt | ||
| 005 | 20240530110034.0 | ||
| 008 | 140319s9999 xx 000 0 ara d | ||
| 040 |
_aGCL / _cGCL |
||
| 082 | 0 | 4 |
_a813.03 _bا ل |
| 100 | 1 | _aاحسان عبدالقدوس | |
| 245 | 1 | 0 |
_aلن اعيش فى جلباب ابى / _cاحسان عبدالقدوس |
| 260 |
_a[S.N] : _bمكتبة مصر ، _c1988 |
||
| 300 | _a184 ص | ||
| 650 | 0 | 4 | _aالادب العربى |
| 650 | 0 | 4 | _aالقصص العربية |
| 650 | 0 | 4 | _aمصر |
| 650 | 0 | 4 | _aالمجموعات |
| 942 |
_2ddc _cBK |
||
| 999 |
_c58119 _d58119 |
||